Departments of France and their capitals / Départements français et leurs capitales #7 - Statistics

General Stats
  • This quiz has been taken 206 times
  • The average score is 6 of 10
Answer Stats
Hint Answer % Correct
La Réunion Saint Denis
90%
Martinique Fort de France
72%
Guyane Cayenne
70%
Essonne Evry
67%
Hauts de Seine Nanterre
66%
Val de Marne Créteil
63%
Seine Saint Denis Bobigny
61%
Val d'Oise Cergy
58%
Guadeloupe Basse Terre
53%
Mayotte Mamoudzou
43%
No matching quizzes found
Score Distribution
Percent of People with Each Score
Percentile by Number Answered
Your Score History
You have not taken this quiz